| 000 | 00493nam a22001697a 4500 | ||
|---|---|---|---|
| 005 | 20251108164226.0 | ||
| 008 | 250721s9999 xx 000 0 ara d | ||
| 082 | 1 | 4 | _a618.2/بير |
| 100 | 1 | _aبيرش، وليم ج | |
| 245 | 1 | 0 | _aالحمل / |
| 264 | 1 |
_aطرابلس (لبنان) : _bمؤسسة المصري للتوزيع، _c[19-]. |
|
| 300 | _a166ص | ||
| 650 | 1 | 7 | _aالولادة |
| 710 | 2 |
_aمؤسسة المصري للتوزيع _eترجمة |
|
| 942 |
_2ddc _cBK |
||
| 999 |
_c6841 _d6841 |
||